000 00852nam a2200217 a 4500
001 000153006
003 AM-YeHGA
005 20250617123125.0
008 950417s1988 ru ||||gr|||||||||0|rus d
020 _a5762500101
040 _aAM-YeHGA
041 0 _arus
100 1 _aСапиро, Евгений Саулович
245 1 0 _aПредприятие: управление прогрессом /
_cЕ.С. Сапиро.
260 _aПермь :
_bПермское кн. изд-во,
_c1988.
300 _a164 с.
440 0 _aЭкономика научно-технического прогресса. Наука, техника, производство
650 1 4 _aПромышленные предприятия - Внедрение передовой технологии и техники
942 _2udc
_cBK
090 _c52729
999 _c51930
_d51930